02943nam a2200577Ia 450000500170000000700030001700800410002002000180006102000150007904000350009404100080012904300120013708400130014924500940016225000220025626400620027830000250034033600270036533700330039233800280042549000210045350507610047452100380123554500710127365000400134465000530138465000420143765000330147965000300151265000270154270000430156970000370161270000380164970000370168770000350172470000300175970000420178970000410183170000440187270000340191670000450195070000430199570000350203870000450207370000340211870000490215270000460220170000340224770000440228170000400232520220317001946.0ta210809s2019 ck er 000 jdspa d a9789584277978 a9584277979 aCO-BoRNBPbspaerdacCO-BoRNBP0 aspa as-ck--- aC CUE19600aCuerposbveinte formas de habitar el mundocJuliana Ángel Osorno [y otras diez y nueve] aPrimera edición 1aBogotábEditorial Planeta ColombianabSeix Barralc2019 a279 páginasc24 cm 2rdacontentatextobtxt 2rdamediaasin mediaciónbn 2rdacarrieravolumenbnc0 aBiblioteca breve1 tDejar caerrJuliana RestrepotTierra húmedarAlejandra Omaña (Amaranta Hank)tEl cuerpo de la nutriarFátima VéleztRetornorAndrea Mejía tPink Ladyr Lina TonotParéntesisrMónica Gil RestrepotPiel de osorJuliana Muñoz TorotEl deseo es una cicatrizrMaría del Mar RamóntDosis imparrMaría OspinatSiempre mujer, siempre perfectarMelba Escobar de NogalestCununorDayana Zapata FlóreztLa llegada de Miss Piggy VaquerarAndrea SalgadotLa lista de tus órganosrLina María Parra Ochoat RominarIsabel BoterotPlaceres necesariosrMariángela Urbina CastillatPan de vidarAdelaida Fernández OchoatEl penúltimo cuerpo rPaola GuevaratMe ponés nervioso, LetirTatiana Andrade MejíatInterioresrValentina Calvache aRecomendado para público adulto aIncluye datos biográficos de las autoras al final de cada cuento17aAutores colombianosySiglo XX2LEMB17aCuentos colombianosxColeccionesySiglo XX2LEMB17aLiteratura colombianaySiglo XX2LEMB17aCuerpo humanovCuentos2LEMB17aMaternidadvCuentos2LEMB17aMujeresvCuentos2LEMB1 aÁngel Osorno, Julianad1989-eautora1 aRetrepo, Julianad1982- eautora1 aOmaña, Alejandrad1992-eautora1 aVélez, Fátimad1985-eautora1 aMejía, Andread1978-eautora1 aToro, Linad1984-eautora1 aGil Restrepo, Mónicad1975-eautora1 aMuñoz Toro, Julianad1988-eautora1 aRamón, María del Mard1992-eautora1 aOspina,Maríad1977-eautora1 aEscobar de Nogales, Melbad1976-eautora1 aZapata Flórez, Dayanad1990-eautora1 aSalgado, Andread1977-eautora1 aParra Ochoa, Lina Maríad1986-eautora1 aBotero, Isabeld1976-eautora1 aUrbina Castilla, Mariángelad1993-eautora1 aFernández Ochoa,Adelaidad1957-eautora1 aGuevara, Paolad1977-eautora1 aAndrade Mejía, Tatianad1977-eautora1 aCalvache, Valentinad1991- eautora